Normal view
MARC view
- School discipline.
Entry Topical Term
001 - CONTROL NUMBER
- control field: 9982
003 - CONTROL NUMBER IDENTIFIER
- control field: NUST
005 - DATE AND TIME OF LATEST TRANSACTION
- control field: 20180210082343.0
008 - FIXED-LENGTH DATA ELEMENTS
- fixed length control field: 180210|| aca||aabn | a|a d
040 ## - CATALOGING SOURCE
- Original cataloging agency: NUST
- Transcribing agency: NUST
150 ## - HEADING--TOPICAL TERM
- Topical term or geographic name entry element: School discipline.
670 ## - SOURCE DATA FOUND
- Source citation: Work cat.: (NUST)0: Leaman, Louisa. 9981, Managing very challenging behaviour /, 2009.
